000 00603nam a2200229Ia 4500
003 OSt
005 20220924132716.0
006 a|||||r|||| 00| 0
007 ta
008 220923b |||||||| |||| 00| 0 san d
024 _a78733
037 _cTextual
040 _aARTS
_cARTS
_bsan
041 _2san
_asan
082 _aR6947x1:6, 15 J8
100 _aHikata B H
_9204773
245 0 _aSuvikrantavikrami pariprccha prajna parmita sutra
260 _c1958
650 _aBUDDHIST PHILOSOPHY
942 _hR6947x1:6, 15 J8
_cTEXL
_2CC
999 _c431219
_d431219